000 00497nam a2200193Ia 4500
003 LK-CoDNM
008 010623t1997 xxu||||| |||| 00| 1 eng d
040 _aLK-CoDNM
_dLK-CoDNM
_eLK-CoDNM
041 _aeng
080 _ax 809.148.5 WIC
100 _aWickramasinghe, Martin
245 _aSinhala Language and culture Buddhism and Art
260 _bThisara prakashakayo
_aDehiwala
_c1997
300 _b188, 22 cm
650 _aArt
650 _aCulture
650 _aLanguage
942 _cBK
999 _c118087
_d118087